| Tag |
First Indicator |
Second Indicator |
Subfields |
| LEADER |
00000cam a2200000 a 4500 |
| 001 |
in00000859986 |
| 005 |
20151019070831.0 |
| 008 |
850830s1985 dcuab b f00000 eng d |
| 010 |
|
|
|a gp 85024286
|
| 035 |
|
|
|a (OCoLC)12444015
|
| 035 |
|
|
|9 AED4368AM
|
| 040 |
|
|
|a GPO
|c GPO
|d UtOrBLW
|
| 043 |
|
|
|a n-us-ok
|
| 074 |
|
|
|a 102-B-36
|
| 086 |
0 |
|
|a A 57.38:G 19/3
|
| 245 |
0 |
0 |
|a Soil survey of Garvin County, Oklahoma /
|c United States Department of Agriculture, Soil Conservation Service ; in cooperation with the Oklahoma Agricultural Experiment Station and the Oklahoma Conservation Commission.
|
| 264 |
|
1 |
|a [Washington, D.C.?] :
|b The Service,
|c 1985.
|
| 300 |
|
|
|a ix, 199 pages, 62 folded pages of plates :
|b illustrations, maps (1 color) ;
|c 29 cm.
|
| 336 |
|
|
|a text
|b txt
|2 rdacontent
|
| 337 |
|
|
|a unmediated
|b n
|2 rdamedia
|
| 338 |
|
|
|a volume
|b nc
|2 rdacarrier
|
| 500 |
|
|
|a "Issued April 1985"--P. iii.
|
| 504 |
|
|
|a Includes bibliographical references.
|
| 650 |
|
0 |
|a Soils
|z Oklahoma
|z Garvin County
|x Maps.
|
| 710 |
1 |
|
|a United States.
|b Soil Conservation Service.
|
| 710 |
2 |
|
|a Oklahoma Agricultural Experiment Station.
|
| 710 |
2 |
|
|a Oklahoma Conservation Commission.
|
| 999 |
|
|
|a MARS
|
| 999 |
f |
f |
|s 223cd46c-4d91-3c99-a92b-92bd5335078e
|i 839ef074-58ab-3e3a-aef6-881683cc0987
|t 0
|
| 952 |
f |
f |
|p normal
|a Texas A&M University
|b College Station
|c Sterling C. Evans Library
|d Evans: Maps (2nd floor)
|t 0
|e A 57.38:G 19/3
|h Superintendent of Documents classification
|i unmediated -- volume
|m A14812537353
|
| 998 |
f |
f |
|a A 57.38:G 19/3
|t 0
|l Evans: Maps (2nd floor)
|